000
00306nam a2200109Ia 4500
008
220204s9999 xx 000 0 und d
082
_a
658
_b
DEB
100
_a
Debono, Edward
245
0
_a
Opportunities: A handbook of business opportunity search
260
_a
London
_b
Associated business
_c
1978
942
_c
BK
999
_c
27797
_d
27797